| Tag |
First Indicator |
Second Indicator |
Subfields |
| LEADER |
00000cam a2200000 i 4500 |
| 001 |
in00001350310 |
| 005 |
20151006060332.0 |
| 008 |
770203s1973 txuab 000 0 eng d |
| 035 |
|
|
|a (OCoLC)02719205
|
| 035 |
|
|
|9 AHG0220AM
|
| 040 |
|
|
|a TXU
|c TXU
|d TXA
|d UtOrBLW
|
| 043 |
|
|
|a n-us-tx
|
| 049 |
|
|
|a TXAM
|
| 090 |
|
|
|a F394.E4
|b S55 1973
|
| 100 |
1 |
|
|a Skimin, Robert Elwayne,
|d 1929-
|
| 245 |
1 |
0 |
|a Rob's guide to El Paso and Juarez :
|b written and illustrated by Robert E. Skimin.
|
| 250 |
|
|
|a 1st. ed.
|
| 264 |
|
1 |
|a El Paso, Tex. :
|b Rob's Enterprises,
|c 1973.
|
| 300 |
|
|
|a 56 pages :
|b illustrations, map ;
|c 22 cm.
|
| 336 |
|
|
|a text
|b txt
|2 rdacontent
|
| 337 |
|
|
|a unmediated
|b n
|2 rdamedia
|
| 338 |
|
|
|a volume
|b nc
|2 rdacarrier
|
| 651 |
|
0 |
|a El Paso (Tex.)
|x History
|x Anecdotes.
|
| 651 |
|
0 |
|a Ciudad Juárez (Mexico)
|x History
|x Anecdotes.
|
| 651 |
|
0 |
|a El Paso (Tex.)
|x Guidebooks.
|
| 651 |
|
0 |
|a Ciudad Juárez (Mexico)
|x Guidebooks.
|
| 999 |
|
|
|a MARS
|
| 999 |
f |
f |
|s 5ab2aa8b-5bbd-34a1-bf51-c5674fe04ce1
|i acb7dc97-bdfb-350a-98ac-28ba43f9a0b1
|t 0
|
| 952 |
f |
f |
|p ric
|a Texas A&M University
|b Rellis Campus
|c Joint Library Facility
|d Remote Storage
|t 0
|e F394.E4 S55 1973
|h Library of Congress classification
|i unmediated -- volume
|m A14820955303
|
| 998 |
f |
f |
|a F394.E4 S55 1973
|t 0
|l Remote Storage
|